00562nam a2200181Ia 450000500170000000800410001702000240005804000190008204100120010108200160011310000280012924500830015726000580024030000190029850400240031765000290034185000100037020221112123459.0131103s9999 xx 000 0 und d a8126900857cRs. 895 aLoreto College aEnglish a954.03bCHA aChaurasia, Radhey Shyam aHistory of Modern Indiab 1707 A.D. to upto 2000 A.D. cRadhey Shyam Chaurasia aNew DelhibAtlantic Publishers and Distributorsc2002 a491p, 22.5 cm. aIncludes appendices aIndia - Modern History  aLCLIB